[Event "DRUZYNOWE MISTRZOSTWA POLSKI JUNIOROW - II LIGA"]
[Site "Szczyrk, CKiR Orle Gniazdo ul. Wrzosowa 28a"]
[Date "2014-07-28"]
[Round "5.45"]
[White "Lewandowski, Wiktor"]
[Black "Fudalej, Slawomir"]
[Result "0-1"]
[WhiteTitle "II"]
[BlackTitle "I"]
[WhiteElo "1357"]
[BlackElo "1615"]

1. e4 e5 2. Nf3 Nc6 3. Nc3 Nf6 4. d4 exd4 5. Nd5 Be7 6. Bf4 d6 7. Nxd4 O-O 8. Nb5
Nxd5 9. exd5 Ne5 10. Be2 Ng6 11. Be3 Bf6 12. c3 a6 13. Nd4 b5 14. O-O Bb7 15.
Nf5 Re8 16. Ng3 Ne7 17. Bf3 Be5 18. Qd2 f5 19. Bf4 Qd7 20. Rfe1 Ng6 21. Bxe5 dxe5
22. Rad1 e4 23. Be2 f4 24. Nf1 Re5 25. c4 Rg5 26. Kh1 Rxg2 27. Kxg2 Nh4+ 28. Kh1
Qh3 29. Ne3 fxe3 30. Bf1 Qf3+ 31. Kg1 exd2 32. Rxd2 Rf8 33. Re3 Qf4 0-1

[Event "DRUZYNOWE MISTRZOSTWA POLSKI JUNIOROW - II LIGA"]
[Site "Szczyrk, CKiR Orle Gniazdo ul. Wrzosowa 28a"]
[Date "2014-07-28"]
[Round "5.46"]
[White "Maciak, Jakub"]
[Black "Fiedorek, Michal"]
[Result "0-1"]
[WhiteTitle "II"]
[BlackTitle "II"]
[WhiteElo "1280"]
[BlackElo "1405"]

1. e4 c5 2. Nf3 e6 3. d4 cxd4 4. Nxd4 Nc6 5. Nc3 Qc7 6. Be3 a6 7. Bd3 Nf6 8. O-O
Nxd4 9. Bxd4 Bc5 10. Bxc5 Qxc5 11. Kh1 O-O 12. f4 d6 13. Rf3 Qh5 14. Be2 Qc5 15.
Rg3 b5 16. a3 Bb7 17. Bd3 Rfd8 18. Qd2 Qh5 19. Be2 Qc5 20. f5 exf5 21. Qg5 Ne8
22. exf5 Qe5 23. Bd3 Qf6 24. Qg4 Nc7 25. Ne4 Bxe4 26. Bxe4 d5 27. Bd3 Re8 28.
Rf1 Rac8 29. Qf4 Kh8 30. h3 Na8 31. Rg4 Nb6 32. Rf3 Re1+ 33. Kh2 Qe5 34. Qxe5
Rxe5 35. Rfg3 Rg8 36. Rh4 f6 37. Rgg4 h6 38. Rg6 Nc4 39. Bxc4 dxc4 40. Rf4 Re2
41. Kg3 Rxc2 42. Rf2 Rxf2 43. Kxf2 Rd8 44. Ke3 Rd3+ 45. Ke2 Rb3 46. Kd1 Rxb2 47.
Rg3 Rb3 48. Rxb3 cxb3 49. Kd2 a5 50. Kc3 a4 0-1

[Event "DRUZYNOWE MISTRZOSTWA POLSKI JUNIOROW - II LIGA"]
[Site "Szczyrk, CKiR Orle Gniazdo ul. Wrzosowa 28a"]
[Date "2014-07-28"]
[Round "5.48"]
[White "Raczykowska, Paulina"]
[Black "Karykowska, Anna"]
[Result "1/2-1/2"]
[WhiteTitle "II+"]
[BlackTitle "I+"]
[WhiteElo "1242"]
[BlackElo "1528"]

1. e4 c5 2. Nf3 a6 3. d4 cxd4 4. Nxd4 Nf6 5. Nc3 e5 6. Nf3 Bb4 7. Bd3 d5 8. Nd2
Bxc3 9. bxc3 dxe4 10. Nxe4 Nxe4 11. Bxe4 Qxd1+ 12. Kxd1 Nd7 13. Ba3 Nf6 14. Bd3
e4 15. Be2 Bf5 16. Kc1 O-O-O 17. Kb2 Rd2 18. Rhe1 e3 19. fxe3 Rxc2+ 20. Kb3 Rd2
21. Rac1 Be4 22. g3 Re8 23. Bc5 Rd5 24. Bd4 Bg6 25. Bc4 Rh5 26. h4 Ne4 27. Be2
Rd5 28. Rg1 f6 29. Kb2 Nc5 30. Rcd1 Ne6 31. Bc4 Rd6 32. Bxe6+ Rdxe6 33. g4 Re4
34. Rd2 Bf7 35. Rh2 R8e6 36. g5 f5 37. h5 g6 38. h6 Re8 39. Rf2 Bc4 40. a3 Kd7
41. Rgg2 Bd5 42. Rg1 Bc4 43. Rgg2 Bd5 44. Rg1 Bc4 45. Rgg2 Bd5 46. Rg1 Bc4 47.
a4 Bd5 48. Ka3 Bc6 49. Rg3 Bd5 50. Rg1 Bc6 51. Kb4 R8e6 52. Ka3 Re8 53. Rf4 Kc8
54. Rgf1 Rxf4 55. exf4 Rd8 56. Re1 Be4 57. a5 Rd5 58. Ka4 Bc2+ 59. Kb4 Be4 60.
Ka4 Bc2+ 61. Kb4 Be4 62. Ka4 Bc2+ 63. Kb4 Be4 1/2-1/2

[Event "DRUZYNOWE MISTRZOSTWA POLSKI JUNIOROW - II LIGA"]
[Site "Szczyrk, CKiR Orle Gniazdo ul. Wrzosowa 28a"]
[Date "2014-07-28"]
[Round "5.49"]
[White "Tomaka, Marek"]
[Black "Ogonowski, Jakub"]
[Result "0-1"]
[WhiteTitle "II"]
[BlackTitle "I+"]
[WhiteElo "1623"]
[BlackElo "1853"]

1. e4 d6 2. d4 g6 3. Nc3 Bg7 4. Be3 Nf6 5. Qd2 O-O 6. h3 Nbd7 7. Nf3 c5 8. dxc5
Nxc5 9. e5 Nfe4 10. Nxe4 Nxe4 11. Qb4 d5 12. Rd1 e6 13. Bd3 f5 14. exf6 Nxf6 15.
Qh4 Bd7 16. Bg5 Qa5+ 17. c3 Ba4 18. Rd2 Ne4 19. Bxe4 dxe4 20. Qxe4 Bc6 21. Qxe6+
Rf7 22. Be3 Re8 23. Qb3 Bxf3 24. gxf3 Qf5 25. Qd5 Re5 26. Qd8+ Rf8 27. Qd7 Qxf3
28. Rh2 Rxe3+ 29. fxe3 Qf1# 0-1

[Event "DRUZYNOWE MISTRZOSTWA POLSKI JUNIOROW - II LIGA"]
[Site "Szczyrk, CKiR Orle Gniazdo ul. Wrzosowa 28a"]
[Date "2014-07-28"]
[Round "5.50"]
[White "Kaczkowski, Maciej"]
[Black "Modlich, Kacper"]
[Result "1/2-1/2"]
[WhiteTitle "II"]
[BlackTitle "II+"]
[WhiteElo "1635"]
[BlackElo "1591"]

1. c4 e5 2. Nc3 Nf6 3. Nf3 Nc6 4. d4 exd4 5. Nxd4 Be7 6. e4 d6 7. Be2 O-O 8. O-O
Nxd4 9. Qxd4 Nd7 10. Nd5 Bf6 11. Nxf6+ Qxf6 12. Be3 Re8 13. f3 Qxd4 14. Bxd4 a5
15. b3 b6 16. Rfe1 Bb7 17. Kf2 Ne5 18. g3 f6 19. Bc3 Nc6 20. a3 Kf7 21. Rad1 Ne5
22. Bf1 Nd7 23. Bh3 Rad8 24. Bxd7 Rxd7 25. b4 axb4 26. axb4 Rdd8 27. Ra1 Ra8 28.
Rxa8 Rxa8 29. Ra1 Rxa1 30. Bxa1 Ke6 31. Ke3 Bc6 32. Bd4 Bb7 33. h3 c5 34. Bc3
Ba6 35. b5 Bb7 36. f4 Bc8 37. g4 h6 38. Bb2 Bb7 39. f5+ Kf7 40. Bc1 Bc8 41. Kd3
Bb7 42. Bf4 Ke7 43. h4 Bc8 44. g5 hxg5 45. hxg5 Bb7 46. Ke3 Ba8 47. gxf6+ 1/2-1/2

[Event "DRUZYNOWE MISTRZOSTWA POLSKI JUNIOROW - II LIGA"]
[Site "Szczyrk, CKiR Orle Gniazdo ul. Wrzosowa 28a"]
[Date "2014-07-28"]
[Round "5.51"]
[White "Ulatowski, Jakub"]
[Black "Baum, Jonasz"]
[Result "0-1"]
[WhiteTitle "II"]
[BlackTitle "II+"]
[WhiteElo "1477"]
[BlackElo "1632"]

1. e4 e5 2. Nf3 Nc6 3. Bb5 a6 4. Ba4 Nf6 5. O-O Be7 6. Re1 b5 7. Bb3 O-O 8. h3
Bb7 9. d3 d6 10. c3 Nd7 11. Nbd2 Kh8 12. Bc2 g6 13. d4 Bf6 14. Nf1 Bg7 15. Ng3
Ne7 16. Nh2 d5 17. dxe5 Nxe5 18. Bf4 Nc4 19. Qc1 Qd7 20. Nf3 dxe4 21. Nxe4 Qc6
22. Ned2 Nxd2 23. Qxd2 Rad8 24. Qc1 Nd5 25. Bh6 Nf6 26. Bxg7+ Kxg7 27. Qf4 Rfe8
28. Rxe8 Rxe8 29. Rd1 Re2 30. Rd2 Rxd2 31. Qxd2 Qd5 32. Qxd5 Bxd5 33. b3 Nd7 34.
Nd2 Kf6 35. f3 Ke5 36. Kf2 Nf6 37. Ke3 c5 38. c4 bxc4 39. Nxc4+ Bxc4 40. bxc4
Nh5 41. g4 Nf4 42. Be4 Nxh3 43. Bd5 f6 44. Bg8 h5 45. Bf7 hxg4 46. fxg4 Nf4 47.
a4 a5 48. Be8 f5 49. g5 Ne6 50. Bxg6 Nxg5 51. Bh5 f4+ 52. Kf2 Kd4 53. Be2 Ne4+
54. Kf3 Nc3 55. Bf1 Nxa4 56. Kxf4 Nb2 57. Be2 Nxc4 58. Bd1 Nb2 59. Bc2 a4 0-1

[Event "DRUZYNOWE MISTRZOSTWA POLSKI JUNIOROW - II LIGA"]
[Site "Szczyrk, CKiR Orle Gniazdo ul. Wrzosowa 28a"]
[Date "2014-07-28"]
[Round "5.52"]
[White "Czernek, Tymon"]
[Black "Modlich, Piotr"]
[Result "1/2-1/2"]
[WhiteTitle "II"]
[BlackTitle "II"]
[WhiteElo "1508"]
[BlackElo "1465"]

1. d4 d5 2. Nf3 Nf6 3. Bg5 e6 4. e3 Nbd7 5. Nbd2 c6 6. Bd3 Be7 7. O-O O-O 8. Re1
c5 9. c3 b6 10. Ne5 Nxe5 11. dxe5 Nd7 12. Bxe7 Qxe7 13. f4 Bb7 14. e4 c4 15. Bc2
dxe4 16. Nxc4 Qc5+ 17. Qd4 Qxd4+ 18. cxd4 Rac8 19. Bb3 Bd5 20. Nd6 Rc6 21. Ba4
Rc7 22. Nxe4 Bxe4 23. Rxe4 Nb8 24. Rd1 Rd8 25. Bb3 Rcd7 26. Kf2 Nc6 27. Ke3 Ne7
28. g4 Kf8 29. Bc4 b5 30. Bb3 a5 31. a3 Rc7 32. Rd2 b4 33. axb4 Nd5+ 34. Kf3 Nxb4
35. f5 Ke7 36. h3 Ra7 37. d5 Nxd5 38. Bxd5 Rxd5 39. Rxd5 exd5 40. Rd4 Rb7 41.
Rxd5 Rxb2 42. Rxa5 Rb3+ 43. Kg2 Re3 44. Ra7+ Ke8 45. e6 fxe6 46. fxe6 Kf8 47.
Ra8+ Ke7 48. Rg8 Kf6 49. Rf8+ Kg6 50. h4 Rxe6 51. Kg3 Rf6 52. Re8 Kf7 53. Rh8
h6 54. h5 Re6 55. Kf3 Re8 56. Rxe8 Kxe8 57. Ke4 Kf7 58. Kf5 Kg8 59. Kg6 Kh8 1/2-1/2

[Event "DRUZYNOWE MISTRZOSTWA POLSKI JUNIOROW - II LIGA"]
[Site "Szczyrk, CKiR Orle Gniazdo ul. Wrzosowa 28a"]
[Date "2014-07-28"]
[Round "5.53"]
[White "Hryn, Zofia"]
[Black "Reda, Patrycja"]
[Result "1-0"]
[WhiteTitle "II"]
[BlackTitle "I"]
[WhiteElo "1320"]
[BlackElo "1432"]

1. e4 e5 2. Nf3 Nc6 3. Bb5 a6 4. Ba4 Nf6 5. O-O Be7 6. Re1 b5 7. Bb3 d6 8. c3 O-O
9. h3 Na5 10. Bc2 c5 11. d4 Nc6 12. Be3 exd4 13. cxd4 Nb4 14. Nbd2 Nxc2 15. Qxc2
c4 16. Nf1 d5 17. Ng3 dxe4 18. Nxe4 Bb7 19. Nfg5 g6 20. Nxf6+ Bxf6 21. Ne4 Bg7
22. Rad1 Qd5 23. f3 Rfe8 24. Bh6 Bxd4+ 25. Kh1 Qe5 26. b3 Rac8 27. Qd2 Red8 28.
Nc3 Qc7 29. bxc4 Qxc4 30. Ne4 Qc7 31. Qg5 Qe5 32. Qxe5 Bxe5 33. Rxd8+ Rxd8 34.
Nc5 Bg3 35. Nxb7 Bxe1 36. Nxd8 Bh4 37. Nc6 f6 38. Kh2 Be1 39. Be3 Bc3 40. Bd4
Bxd4 41. Nxd4 Kf7 42. Kg3 Ke7 43. Kf4 Kd6 44. Ke4 Kc5 45. Kd3 a5 46. Nb3+ Kb4
47. Kc2 h5 48. Kb2 a4 49. a3+ Kc4 50. Nd2+ Kd3 51. Ne4 f5 52. Nf6 h4 53. Nd5 Ke2
54. Nf4+ Kf2 55. Nxg6 Kg3 56. Kc3 f4 57. Kb4 Kxg2 58. Nxh4+ Kxh3 59. Nf5 Kg2 60.
Nd4 Kf2 61. Kxb5 Ke3 62. Ne6 Kxf3 63. Nxf4 Kxf4 64. Kxa4 Ke5 65. Kb5 Kd6 66. Kb6
Kd7 67. Kb7 Kd6 68. a4 Kc5 69. a5 1-0

[Event "DRUZYNOWE MISTRZOSTWA POLSKI JUNIOROW - II LIGA"]
[Site "Szczyrk, CKiR Orle Gniazdo ul. Wrzosowa 28a"]
[Date "2014-07-28"]
[Round "5.54"]
[White "Tarka, Aleksandra"]
[Black "Hryn, Aleksandra"]
[Result "1/2-1/2"]
[WhiteTitle "I"]
[BlackTitle "II+"]
[WhiteElo "1352"]
[BlackElo "1293"]

1. d4 d5 2. Nf3 e6 3. Bg5 Nf6 4. e3 Nbd7 5. Nbd2 Be7 6. Bd3 O-O 7. Ne5 Nxe5 8.
dxe5 Nd7 9. Bf4 c5 10. c3 b6 11. O-O Bb7 12. Qg4 g6 13. Bg3 Qc7 14. f4 Kh8 15.
Bh4 Qd8 16. Bxe7 Qxe7 17. Qh3 Kg8 18. e4 dxe4 19. Nxe4 Bxe4 20. Bxe4 Rac8 21.
Rf3 Rfd8 22. Rg3 f5 23. Bc2 Nf8 24. Rd1 Rd7 25. Rxd7 Qxd7 26. Rd3 Qe7 27. Rd6
Rd8 28. Rxd8 Qxd8 29. Qd3 Qc7 30. Bb3 Qe7 31. Kf2 Qh4+ 32. Qg3 Qd8 33. Qe3 Qd7
34. Qe2 Kf7 35. g3 Qd8 36. Ke3 Qa8 37. Qf3 Qxf3+ 38. Kxf3 Nd7 39. Ba4 Nb8 40.
b4 cxb4 41. cxb4 Na6 42. a3 Nc7 43. Bc6 Ke7 44. Ke3 Kf7 45. Kd4 Ke7 1/2-1/2

[Event "DRUZYNOWE MISTRZOSTWA POLSKI JUNIOROW - II LIGA"]
[Site "Szczyrk, CKiR Orle Gniazdo ul. Wrzosowa 28a"]
[Date "2014-07-28"]
[Round "5.55"]
[White "Jajte-pachota, Maciej"]
[Black "Lizak, Jakub"]
[Result "0-1"]
[WhiteTitle "I"]
[BlackTitle "I++"]
[WhiteElo "1916"]
[BlackElo "1980"]

1. e4 c5 2. c3 d5 3. exd5 Qxd5 4. d4 Nc6 5. Nf3 cxd4 6. cxd4 e6 7. Nc3 Qd8 8. Bd3
Nf6 9. O-O Be7 10. Be3 O-O 11. Rc1 Nb4 12. Bb1 Nbd5 13. Qd3 Nxe3 14. fxe3 g6 15.
e4 b6 16. e5 Nd5 17. Ne4 a5 18. Qd2 Kg7 19. Nfg5 Ra7 20. Rf3 Bb4 21. Qf2 h6 22.
a3 hxg5 23. axb4 axb4 24. Nf6 Ba6 25. Be4 Rc7 26. Rd1 Nf4 27. Rxf4 gxf4 28. Qh4
Rh8 29. Qg5 Qxd4+ 0-1

[Event "DRUZYNOWE MISTRZOSTWA POLSKI JUNIOROW - II LIGA"]
[Site "Szczyrk, CKiR Orle Gniazdo ul. Wrzosowa 28a"]
[Date "2014-07-28"]
[Round "5.56"]
[White "Szolc, Grzegorz"]
[Black "Golda, Sebastian"]
[Result "0-1"]
[WhiteTitle "I"]
[BlackTitle "I"]
[WhiteElo "1883"]
[BlackElo "1730"]

1. e4 e5 2. Nf3 Nc6 3. Nc3 Nf6 4. d4 exd4 5. Nxd4 d6 6. Nxc6 bxc6 7. Bd3 Be7 8.
O-O O-O 9. h3 Nd7 10. Be3 Ne5 11. Be2 f5 12. f4 Ng6 13. exf5 Bxf5 14. g4 Bd7 15.
Qd2 d5 16. Na4 Bd6 17. Bd3 Qh4 18. Qh2 Rae8 19. Bd2 Nxf4 20. Bxf4 Rxf4 21. Rxf4
Re3 22. Qf2 Qxh3 23. Bf1 Rg3+ 24. Bg2 Bxf4 25. Kf1 Qxg4 26. Re1 h5 27. Nc5 Bf5
28. Re8+ Kh7 29. Re7 h4 30. Nd3 Bxd3+ 31. cxd3 h3 32. Bh1 a5 33. d4 Kh6 34. Re8
Rd3 35. Re1 Rd2 36. Re2 Rd1+ 37. Re1 Bg3 38. Qe3+ g5 0-1

[Event "DRUZYNOWE MISTRZOSTWA POLSKI JUNIOROW - II LIGA"]
[Site "Szczyrk, CKiR Orle Gniazdo ul. Wrzosowa 28a"]
[Date "2014-07-28"]
[Round "5.57"]
[White "Flach, Rajmund"]
[Black "Tustanowski, Mateusz"]
[Result "0-1"]
[WhiteTitle "II"]
[BlackTitle "I"]
[WhiteElo "1353"]
[BlackElo "1760"]

1. e4 e5 2. Nf3 Nc6 3. Bc4 Nf6 4. d3 Bc5 5. O-O d6 6. c3 Bb6 7. Nbd2 Be6 8. Bb3
O-O 9. h3 Qd7 10. Ng5 Bxb3 11. axb3 d5 12. Re1 Rad8 13. d4 exd4 14. e5 dxc3 15.
bxc3 Ne4 16. Ngxe4 dxe4 17. Rxe4 Qd3 18. Qf3 Rfe8 19. Nc4 Qxf3 20. gxf3 Rd3 21.
Rg4 Rxc3 22. Bb2 Rxf3 23. Nxb6 axb6 24. e6 g6 25. exf7+ Kxf7 26. Rh4 h5 27. Rd1
Rxb3 28. Rf4+ Kg8 29. Bf6 Ne5 30. Kg2 Nd3 31. Rd4 Ne1+ 32. Kf1 Rxh3 33. Rd7 Rh1#
0-1

[Event "DRUZYNOWE MISTRZOSTWA POLSKI JUNIOROW - II LIGA"]
[Site "Szczyrk, CKiR Orle Gniazdo ul. Wrzosowa 28a"]
[Date "2014-07-28"]
[Round "5.59"]
[White "Jedrocha, Katarzyna"]
[Black "Wojcik, Jagoda"]
[Result "1/2-1/2"]
[WhiteTitle "I+"]
[BlackTitle "I"]
[WhiteElo "1723"]
[BlackElo "1379"]

1. e4 c5 2. Nf3 Nc6 3. Bc4 e6 4. O-O Nf6 5. Re1 Be7 6. Bb3 d5 7. e5 Nd7 8. c3 c4
9. Bc2 b5 10. d4 b4 11. Bf4 Qa5 12. Re3 b3 13. Bxb3 cxb3 14. Qxb3 Rb8 15. Qc2
Ba6 16. Nbd2 Qc7 17. Rc1 Nb6 18. Bg5 Nc4 19. Nxc4 Bxc4 20. b3 Ba6 21. Qd1 Bxg5
22. Nxg5 h6 23. Nh3 Rc8 24. f4 Ne7 25. g4 g6 26. Nf2 h5 27. Rh3 Qa5 28. Qd2 Kd7
29. Rg3 hxg4 30. Nxg4 Nf5 31. Rf3 Ke7 32. Qb2 Rb8 33. a4 Qb6 34. Qa3+ Kd8 35.
Ne3 Qxb3 36. Qc5 Qb6 37. Qa3 Nxe3 38. Rxe3 Bc4 39. Ree1 Qc6 40. Rb1 Kd7 41. Rb4
Rb6 42. Reb1 Rhb8 43. a5 Rxb4 44. Rxb4 Rxb4 45. Qxb4 Qc7 46. Qf8 Kc6 47. Qb4 Kd7
48. Qf8 Kc6 49. Qb4 Qd7 50. Qb8 Qc7 51. Qb4 Bb5 52. Qc5+ Kd7 53. Qxb5+ Qc6 54.
Qb4 Kc7 55. Qe7+ Qd7 56. Qc5+ Kd8 57. Kf2 Ke8 58. Kg3 Qb7 59. Kg4 Qb1 60. Qc8+
Ke7 61. Kg5 Qf5+ 62. Kh6 g5 63. Qc7+ Ke8 64. Qc8+ 1/2-1/2

[Event "DRUZYNOWE MISTRZOSTWA POLSKI JUNIOROW - II LIGA"]
[Site "Szczyrk, CKiR Orle Gniazdo ul. Wrzosowa 28a"]
[Date "2014-07-28"]
[Round "5.60"]
[White "Kawecka, Malgorzata"]
[Black "Furtak, Joanna"]
[Result "1-0"]
[WhiteTitle "II+"]
[BlackTitle "I"]
[WhiteElo "1235"]
[BlackElo "1425"]

1. e4 e5 2. Nf3 Nc6 3. Nc3 Nf6 4. d4 exd4 5. Nxd4 Bb4 6. Nxc6 bxc6 7. Bd3 O-O 8.
O-O Re8 9. Re1 d5 10. exd5 Rxe1+ 11. Qxe1 cxd5 12. Bd2 d4 13. Ne4 Bxd2 14. Qxd2
Bb7 15. Re1 h6 16. h3 Rb8 17. b3 Bxe4 18. Bxe4 Qd6 19. Bf3 Qb4 20. Qxb4 Rxb4 21.
Re7 c5 22. Rxa7 c4 23. a3 cxb3 1-0

[Event "DRUZYNOWE MISTRZOSTWA POLSKI JUNIOROW - II LIGA"]
[Site "Szczyrk, CKiR Orle Gniazdo ul. Wrzosowa 28a"]
[Date "2014-07-28"]
[Round "5.61"]
[White "Koitka, Jakub"]
[Black "Lapaj, Mateusz"]
[Result "1/2-1/2"]
[WhiteTitle "I+"]
[BlackTitle "I++"]
[WhiteElo "1994"]
[BlackElo "2135"]

1. d4 Nf6 2. c4 g6 3. Nc3 Bg7 4. e4 d6 5. f3 O-O 6. Be3 e5 7. d5 c6 8. Qd2 cxd5
9. cxd5 a6 10. a4 Nbd7 11. Bd3 Qa5 12. Nge2 Nc5 13. Bc2 b5 14. b4 Qxb4 15. axb5
Bd7 16. Rb1 Qc4 17. b6 Rfb8 18. O-O a5 19. Nc1 Qa6 20. Nd3 Rxb6 21. Nxc5 dxc5
22. Bd3 Qb7 23. Bxc5 Rxb1 24. Rxb1 Qc7 25. Bb6 Qc8 26. Nb5 Nh5 27. Nc7 Rb8 28.
Qxa5 Nf4 29. Bf1 Bf8 30. g3 Nh3+ 31. Kg2 Ng5 32. h4 Bh3+ 33. Kf2 Bxf1 34. Rxf1
Qh3 35. hxg5 Qh2+ 36. Ke3 Qb2 37. Qb5 Bc5+ 38. Qxc5 Rxb6 39. Rd1 Rb3+ 40. Rd3
Qb1 41. Rxb3 Qg1+ 42. Kd3 Qxc5 43. Rc3 Qf2 44. Kc4 Qd4+ 45. Kb3 Qd1+ 46. Kb4 Qd4+
47. Rc4 Qd2+ 48. Kc5 Kf8 49. d6 Qd3 50. Rb4 Qc3+ 51. Kb5 Qd3+ 52. Kc5 Qc3+ 53.
Rc4 Qd3 54. Nb5 Ke8 55. Rc3 Qd1 56. Kc6 Kd8 57. Rc5 Qxf3 58. Rxe5 Qe2 59. Nc7
Qc4+ 60. Rc5 Qxe4+ 61. Nd5 Qe2 62. Nf6 Qa6+ 63. Kd5 Qd3+ 64. Ke5 Qxg3+ 65. Ke4
Qg2+ 66. Kd4 Qd2+ 67. Kc4 Qa2+ 1/2-1/2

[Event "DRUZYNOWE MISTRZOSTWA POLSKI JUNIOROW - II LIGA"]
[Site "Szczyrk, CKiR Orle Gniazdo ul. Wrzosowa 28a"]
[Date "2014-07-28"]
[Round "5.62"]
[White "Rosicki, Marcin"]
[Black "Witczak, Jakub"]
[Result "1-0"]
[WhiteTitle "I"]
[BlackTitle "I"]
[WhiteElo "1776"]
[BlackElo "1828"]

1. e4 c5 2. Nf3 d6 3. Bb5+ Nd7 4. d4 cxd4 5. Qxd4 a6 6. Bxd7+ Bxd7 7. Nc3 e6 8.
Bg5 Qa5 9. Rd1 Rc8 10. O-O Qc5 11. Qd2 b5 12. a3 a5 13. Rfe1 b4 14. axb4 axb4
15. Nd5 f6 16. Be3 Qxc2 17. Nb6 Qxd2 18. Nxd2 Rc6 19. Ra1 Ne7 20. Ra7 Nc8 21.
Rxd7 Rxb6 22. Rc7 Rb8 23. Rec1 Ne7 24. Nb3 e5 25. Na5 g5 26. Nb7 Ng6 27. R1c6
Be7 28. Nxd6+ Kf8 29. Nf5 Kf7 30. Bc5 Rhd8 31. h3 Ra8 32. Bxe7 Rd1+ 33. Kh2 1-0

[Event "DRUZYNOWE MISTRZOSTWA POLSKI JUNIOROW - II LIGA"]
[Site "Szczyrk, CKiR Orle Gniazdo ul. Wrzosowa 28a"]
[Date "2014-07-28"]
[Round "5.63"]
[White "Koziorowicz, Michal"]
[Black "Gora, Szczepan"]
[Result "1-0"]
[WhiteTitle "II"]
[BlackTitle "III"]
[WhiteElo "1406"]
[BlackElo "1115"]

1. e4 e5 2. Nf3 Nc6 3. Bb5 d6 4. O-O Be7 5. d4 exd4 6. Nxd4 Bd7 7. Nxc6 Bxc6 8.
Bxc6+ bxc6 9. Nc3 Bf6 10. Qd3 Ne7 11. Be3 O-O 12. Bd4 Ng6 13. Bxf6 Qxf6 14. f4
Rfe8 15. g3 h6 16. Rae1 Rab8 17. b3 Kh8 18. Qc4 c5 19. Nd5 Qd8 20. Qa6 Ra8 21.
Qb7 Rc8 22. a4 c6 23. Nc3 Qa5 24. Qxf7 Qxc3 25. Qxg6 Qxc2 26. Qxd6 Qxb3 27. Qxc5
Qxa4 28. Ra1 Qxe4 29. Qxa7 c5 30. Qa2 c4 31. Rac1 c3 32. Qc2 Qd4+ 33. Qf2 Qb4
34. Rc2 Red8 35. Rfc1 Rd2 36. Rxd2 Qb3 37. Rdc2 Kh7 38. Qd4 Rc7 39. Rxc3 Rxc3
40. Qxc3 Qb6+ 41. Qc5 Qb3 42. Qf5+ g6 43. Rc7+ Kh8 44. Qf8+ 1-0

[Event "DRUZYNOWE MISTRZOSTWA POLSKI JUNIOROW - II LIGA"]
[Site "Szczyrk, CKiR Orle Gniazdo ul. Wrzosowa 28a"]
[Date "2014-07-28"]
[Round "5.64"]
[White "Guzik, Tomasz"]
[Black "Czechowski, Jakub"]
[Result "1-0"]
[WhiteTitle "III"]
[BlackTitle "II"]
[WhiteElo "1284"]
[BlackElo "1356"]

1. e4 e5 2. Bc4 Nf6 3. Nc3 Nc6 4. Nf3 Bb4 5. a3 Bxc3 6. dxc3 d6 7. h3 O-O 8. O-O
Nxe4 9. Re1 Nf6 10. Bg5 Be6 11. Bxe6 fxe6 12. Qe2 Ne7 13. Bxf6 Rxf6 14. Qe4 Nc6
15. Ng5 Rf5 16. Nxe6 Qf6 17. Nxc7 Rf8 18. Qc4+ Kh8 19. Re2 Rxf2 20. Rxf2 Qxf2+
21. Kh1 h6 22. Nb5 Qc5 23. Qxc5 dxc5 24. Nd6 b6 25. Nc4 Rf2 26. Rc1 Kg8 27. Kg1
Rf6 28. Re1 Kh7 29. Nxe5 Nxe5 30. Rxe5 Rd6 31. Re2 Rd1+ 32. Kf2 Rb1 33. b3 Ra1
34. a4 c4 35. Re7 Ra2 36. Ke3 Rxc2 37. bxc4 Rxg2 38. Rxa7 Rg3+ 39. Kd4 Rxh3 40.
Rb7 h5 41. Rxb6 h4 42. a5 Rf3 43. a6 h3 44. a7 Rf4+ 45. Ke3 Re4+ 46. Kxe4 h2 47.
Rb1 1-0

[Event "DRUZYNOWE MISTRZOSTWA POLSKI JUNIOROW - II LIGA"]
[Site "Szczyrk, CKiR Orle Gniazdo ul. Wrzosowa 28a"]
[Date "2014-07-28"]
[Round "5.65"]
[White "Kaniowska, Anna"]
[Black "Konopacka, Martyna"]
[Result "0-1"]
[WhiteTitle "II+"]
[BlackTitle "I"]
[WhiteElo "1363"]
[BlackElo "1715"]

1. d4 d5 2. c4 e6 3. Nc3 c6 4. Nf3 dxc4 5. e3 b5 6. a4 Bb4 7. Bd2 a5 8. axb5 Bxc3
9. Bxc3 cxb5 10. b3 Bb7 11. bxc4 b4 12. Bd2 Nf6 13. Bd3 Nbd7 14. O-O Qc7 15. Re1
O-O 16. Bc1 e5 17. Bf1 exd4 18. exd4 Ng4 19. g3 Nb6 20. c5 Nd5 21. Bb2 Rfe8 22.
Rxe8+ Rxe8 23. Nd2 Ngf6 24. Nc4 Ra8 25. Bg2 h6 26. Ra4 Bc6 27. Ra2 a4 28. Ne5
Be8 29. Nd3 Ra7 30. Qe1 Qb8 31. Bc1 a3 32. Qd2 Nc3 33. Ra1 Nfd5 34. Bxd5 Nxd5
35. Qe1 Re7 36. Qd1 Nc3 37. Qb3 Qb5 38. Qc2 Re2 39. Bd2 Ne4 40. Rd1 Rxd2 41. Rxd2
Nxd2 42. Qxd2 b3 43. Qd1 b2 44. Qb1 a2 45. Qxb2 Qxb2 46. Nxb2 a1=Q+ 0-1

[Event "DRUZYNOWE MISTRZOSTWA POLSKI JUNIOROW - II LIGA"]
[Site "Szczyrk, CKiR Orle Gniazdo ul. Wrzosowa 28a"]
[Date "2014-07-28"]
[Round "5.66"]
[White "Zamarska, Sylwia"]
[Black "Zalucka, Emilia"]
[Result "0-1"]
[WhiteTitle "II"]
[BlackTitle "II"]
[WhiteElo "1313"]
[BlackElo "1159"]

1. d4 d5 2. c4 e6 3. Nc3 Nf6 4. Bg5 Nbd7 5. e3 Be7 6. Nf3 O-O 7. Bd3 Re8 8. O-O
c6 9. Rc1 h6 10. Bh4 Bd6 11. Bg3 e5 12. dxe5 Nxe5 13. Nxe5 Bxe5 14. Qb3 Bxg3 15.
hxg3 d4 16. exd4 Qxd4 17. Rcd1 Qc5 18. Qc2 Kh8 19. a3 Ng4 20. Be2 Rxe2 21. Nxe2
Qh5 22. Rfe1 Qh2+ 23. Kf1 Qh1+ 24. Ng1 Nh2+ 25. Ke2 Bg4+ 26. f3 Qxg2+ 27. Kd3
Bf5+ 28. Re4 Bxe4+ 29. fxe4 Qxc2+ 30. Kxc2 Ng4 31. Rd7 Ne3+ 32. Kd3 Ng4 33. Rxb7
a5 34. Nf3 f6 35. Rc7 Rb8 36. Kc3 a4 37. Nd2 Ne5 38. Ra7 g5 39. Rxa4 h5 40. b4
h4 41. gxh4 gxh4 42. Nf1 c5 43. b5 h3 44. Ra7 Nf3 45. Ng3 h2 46. Rd7 Rg8 47. Nh1
Re8 48. b6 Ne5 49. Rc7 Rb8 50. b7 Nc6 51. Rc8+ Kg7 52. Rxc6 Rxb7 53. Rd6 Rb1 54.
Ng3 Rg1 55. Rd3 Kf7 56. Kb2 Rxg3 57. Rxg3 h1=Q 58. Re3 Qh2+ 59. Kb3 Qb8+ 60. Kc3
Qa7 61. Kb2 Qd7 62. Rb3 Qd2+ 63. Ka1 Qc1+ 64. Ka2 Qc2+ 65. Rb2 Qxc4+ 66. Rb3 Qxe4
0-1

[Event "DRUZYNOWE MISTRZOSTWA POLSKI JUNIOROW - II LIGA"]
[Site "Szczyrk, CKiR Orle Gniazdo ul. Wrzosowa 28a"]
[Date "2014-07-28"]
[Round "5.67"]
[White "Osinski, Emil"]
[Black "Drabek, Jan"]
[Result "1/2-1/2"]
[WhiteTitle "I"]
[BlackTitle "I"]
[WhiteElo "1937"]
[BlackElo "1632"]

1. e4 c5 2. Nf3 Nc6 3. d4 cxd4 4. Nxd4 d5 5. exd5 Qxd5 6. Be3 e5 7. Nc3 Qd8 8.
Ndb5 Nf6 9. Qxd8+ Kxd8 10. Bc4 Be6 11. O-O-O Kc8 12. Bxe6+ fxe6 13. Na4 Nd5 14.
c4 Nf6 15. Nc5 Bxc5 16. Bxc5 Ne4 17. Nd6+ Nxd6 18. Rxd6 Rd8 19. Rxd8+ Kxd8 20.
Bd6 Ke8 21. Re1 Rc8 22. b3 Kf7 23. Bxe5 b5 24. Bc3 bxc4 25. bxc4 Nb4 26. Re4 Nxa2+
27. Kb2 Nxc3 28. Kxc3 Rc5 29. Kb4 Rf5 30. f3 Ke7 31. Rd4 a5+ 32. Ka4 Rc5 33. Kb3
Re5 34. Rd2 Re3+ 35. Ka4 Re5 36. Rd4 Rc5 37. Re4 Kf6 38. Kb3 h6 39. Kc3 Re5 40.
Rf4+ Ke7 41. Kb3 Rc5 1/2-1/2

[Event "DRUZYNOWE MISTRZOSTWA POLSKI JUNIOROW - II LIGA"]
[Site "Szczyrk, CKiR Orle Gniazdo ul. Wrzosowa 28a"]
[Date "2014-07-28"]
[Round "5.68"]
[White "Mrozowski, Patryk"]
[Black "Wolniaczyk, Bartosz"]
[Result "1-0"]
[WhiteTitle "I"]
[BlackTitle "II"]
[WhiteElo "1795"]
[BlackElo "1581"]

1. e4 e6 2. d4 d5 3. e5 c5 4. c3 Nc6 5. Nf3 Qb6 6. a3 cxd4 7. cxd4 Nge7 8. Nc3
Nf5 9. Na4 Qc7 10. b4 Be7 11. Bb2 Bd7 12. Rc1 a6 13. Bd3 O-O 14. Bb1 Qd8 15. Nc5
b6 16. Nxd7 Qxd7 17. g4 Nh4 18. Nxh4 Bxh4 19. Qc2 f5 20. exf6 g6 21. Qxc6 Qf7
22. O-O Qxf6 23. f4 Rac8 24. Qxb6 1-0

[Event "DRUZYNOWE MISTRZOSTWA POLSKI JUNIOROW - II LIGA"]
[Site "Szczyrk, CKiR Orle Gniazdo ul. Wrzosowa 28a"]
[Date "2014-07-28"]
[Round "5.69"]
[White "Guzik, Natalia"]
[Black "Chodorowski, Adrian"]
[Result "1-0"]
[WhiteTitle "I+"]
[BlackTitle "II"]
[WhiteElo "1539"]
[BlackElo "1363"]

1. e4 c5 2. Nf3 Nc6 3. d4 cxd4 4. Nxd4 d6 5. Nc3 g6 6. Be3 Bg7 7. Qd2 Nf6 8. h3
O-O 9. Be2 Be6 10. O-O a6 11. f4 b5 12. Nxc6 Qc7 13. Nd5 Bxd5 14. exd5 Ne4 15.
Qc1 e6 16. c4 Rfe8 17. cxb5 axb5 18. Bxb5 Qb7 19. a4 exd5 20. Na5 Qe7 21. Bxe8
Qxe8 22. Qc6 Qd8 23. Bb6 Qb8 24. Qb7 Qxb7 25. Nxb7 Rb8 26. Rac1 Rxb7 27. Rc8+
Bf8 28. a5 Nc5 29. Bxc5 dxc5 30. a6 Ra7 31. Ra1 c4 32. Rb8 Kg7 33. Rb7 Kf6 34.
Rxa7 Bc5+ 35. Kf1 Bxa7 36. Re1 d4 37. Rc1 Kf5 38. Rxc4 Ke4 39. Ke2 Bb6 40. b4
f5 41. b5 h6 42. Ra4 Ba7 43. b6 Bxb6 44. a7 Bxa7 45. Rxa7 d3+ 46. Kd2 Kxf4 47.
Kxd3 Kg3 48. Ra6 1-0